Pozdrav z Hájník

Zobrazenie: 3 čiastkové pohľady

Bibliographic Details
Other Authors: Barna (Photographer)
Format: Photo
Language:Slovak
PhysicalDescription:1 pohľadnica tónované do modra 9x14 cm
Published: [Slovensko?] [vydavateľ neznámy] [medzi 1905 a 1972?]
Subjects:

MARC

LEADER 00000nkmaa2200000 a 4500
001 vtls010128872
003 SK-MaSNL
005 20260331205716.0
007 kf ao
008 231204q1905 xo 000 ||00 k|slo
035 |a 1E424A68-F4C2-48C8-AAFB-5A2A5F27C5BB 
035 |a urn:nbn:sk:snk-km001mlb 
035 |a urn:nbn:sk:snk-kmtiht 
040 |a SNKLA  |b slo  |c SNKLA  |e AACR2 
041 0 |a slo 
044 |a xo  |c SK 
100 1 |a Barna  |4 pht  |9 411591 
245 1 0 |a Pozdrav z Hájník  |h [grafika]  |c Foto Barna 
260 |a [Slovensko?]  |b [vydavateľ neznámy]  |c [medzi 1905 a 1972?] 
300 |a 1 pohľadnica  |b tónované do modra  |c 9x14 cm 
520 8 |a Zobrazenie: 3 čiastkové pohľady 
651 7 |a Hájniky (Sliač, Slovensko)  |2 SNKLA  |9 200993 
651 7 |a Sliač (Slovensko)  |2 SNKPH  |9 17143 
651 7 |a Slovensko  |2 SNKPH  |9 14231 
655 7 |a geografické pohľadnice  |2 SNKPH  |9 70522 
958 |a GC 
958 |a BLA 
999 |c 662011  |d 663941 
952 |a SNKLA  |b SNKLA  |c SNKLA_DEP  |y NEVYP  |7 0  |p 17A0647966  |o snkLA 5112/1972  |0 0  |1 0  |4 0  |d 2014-08-11  |f 1  |l 0  |r 2026-02-23 18:57:16  |w 2026-02-23